Statistics for New Angel - Niall Horan (Lyrics)

Click here to take the quiz!

General Stats

  • This quiz has been taken 7 times
  • The average score is 214 of 333

Answer Stats

% Correct
A
100%
a
100%
angel
100%
Angel
100%
I
100%
new
100%
the
100%
And
80%
but
80%
But
80%
'Cause
80%
in
80%
it's
80%
many
80%
me
80%
my
80%
so
80%
there
80%
to
80%
[Verse 1]Too
80%
what
80%
you
80%
You
80%
you're
80%
baby
60%
can
60%
don't
60%
else
60%
eyes
60%
for
60%
from
60%
hours
60%
is
60%
Just
60%
just
60%
know
60%
like
60%
myself
60%
need
60%
night
60%
of
60%
save
60%
someone
60%
that
60%
time
60%
touch
60%
way
60%
when
60%
best
40%
can't
40%
close
40%
dancing
40%
Didn't
40%
distraction
40%
Each
40%
feel
40%
feelings
40%
felt
40%
give
40%
heavenly
40%
her
40%
[Bridge] | [Pre-Chorus]I'll
40%
I'm
40%
I've
40%
(Left
40%
left
40%
moving
40%
never
40%
out
40%
running
40%
she's
40%
tell
40%
what's
40%
around
20%
been
20%
doing
20%
dreams
20%
get
20%
hoping
20%
keep
20%
light
20%
maybe
20%
mind
20%
missing
20%
move
20%
)one
20%
Ooh
20%
reach
20%
saw
20%
something
20%
think
20%
'Til
20%
vision
20%
walked
20%
wild
20%
about
0%
Every
0%
second
0%
thought
0%
wrapped
0%

Score Distribution

Percentile by Number Answered

Percent of People with Each Score

Your Score History

You have not taken this quiz